00385nam a2200145Ia 4500003000400000008004100004040001600045082001300061100002200074245005100096260004200147300001000189490002500199650001500224GCL140319s9999 xx 000 0 eng d aGCL / cGCL04a100bC C1 aCUVILLIER, ARMAND10aCOURS DE PHILOSOPHIE - 2 / cCUVILLIER, ARMAND a[S.N] : bLE LIVRE DE POCHE ، c1954 a457 P aLE LIVRE DE POCHEv004aPHILOSOPHY